| 000 | 00515nam a2200157 a 4500 | ||
|---|---|---|---|
| 001 | 000023114 | ||
| 005 | 20200930022009.0 | ||
| 008 | 101126s1998 cl a 001 0 spa d | ||
| 040 |
_aDO-SdBNP _bspa _cBNPHU |
||
| 082 |
_ann* _bnn* |
||
| 245 | 0 | 3 |
_aEl pacto fiscal : _bfortalezas, debilidades, desafíos. |
| 260 |
_aSantiado de Chile : _bNaciones Unidas. Comisión Económica para América Latina y el Caribe, _c1998. |
||
| 300 |
_axi, 283 p. : _bil. ; _c23 cm. |
||
| 504 | _aBibliografía: 269-283 p. | ||
| 049 | _aBNGR | ||
| 999 |
_c22611 _d22611 |
||